00297nam a2200109Ia 4500082001200000100001500012245007400027260002800101300000800129650002600137710002400163 aTA.0197 aArya, S.K. 0aUjjaini ka rajnitik evam sanskritik itihas : Prarambh se 1200isvi tak c1971bVikram University a210 aUjjainvHistoryz1200 aJain, Kailash Chand